When is a riddle not a riddle : children's riddles re-examined /
Saved in:
| Main Author: | |
|---|---|
| Format: | Thesis Book |
| Language: | English |
| Published: |
1987.
|
| Subjects: | |
| Tags: |
Add Tag
No Tags, Be the first to tag this record!
|
| LEADER | 00772cam a2200253 4500 | ||
|---|---|---|---|
| 001 | u85833 | ||
| 003 | SIRSI | ||
| 008 | 890819s1987 si v 0 eng | ||
| 015 | |a X890085450 | ||
| 035 | |a AAJ-3351 | ||
| 040 | |a UMM | ||
| 050 | 1 | |a PN6371 | |
| 090 | 0 | 0 | |a PN6371 |b Wri |
| 100 | 1 | 0 | |a Wright, Nadia Helen |
| 245 | 1 | 0 | |a When is a riddle not a riddle : |b children's riddles re-examined / |c Nadia Helen Wright |
| 260 | |c 1987. | ||
| 300 | |a v, 170 leaves : |b ill. ; |c 29cm | ||
| 500 | |a Photocopy | ||
| 502 | |a Dissertation (M.A.) -- National University of Singapore, 1987 | ||
| 504 | 0 | 0 | |a Bibliography: leaves 168-170 |
| 650 | 0 | |a Riddles, Juvenile | |
| 948 | |a 17/03/1991 |b 27/08/2002 | ||
| 596 | |a 1 | ||
| 999 | |a PN6371 WRI |w LC |c 1 |i A010596000 |l STACKS |m P01UTAMA |r Y |s Y |t TESIS |u 8/6/1992 | ||
